01610nam a2200349 a 4500001001000000003000500010005001700015008004100032010001100073011001100084040000900095090001000104100004600114245024100160260004100401500006000442502010900502590004100611590004000652590004000692650002800732650003300760650003100793650005800824856007000882901000700952942001000959942000600969999001900975952013100994952013501125000113570CHAP20220329144402.0170804s2017 mx sm |||||||spa d a110031 a111003 cCHAP aTesis1 aValdez Rodríguez, Yerica Renata913296510aPostulación de genes de resistencia a roya de la hoja causada por Puccinia triticina E. en genotipos élite de trigo harinero (Triticum aestivum L.) y su respuesta en planta adultah[En línea]cpor Yerica Renata Valdez Rodríguez. aChapingo, Méx. :bEl autor,c2017. aPara ver el contenido del material haga clic en la liga aTesis (Ing. Agr. Esp. en Parasitología Agrícola) -- UACH. Departamento de Parasitología Agrícola aE11695DGDb10c20170804lUCH01h0951 aE5765TAJb05c20170804lUCH01h0931 aE5765TAJb05c20170804lUCH01h093214aRoya del trigo.910039014aTrigoxEnfermedades.911501714aTrigoxGenética.911503014aTrigoxVariedades resistentes a enfermedades.9115120 aFinding aiduhttp://10.13.5.2/tesis/sist113570.pdfzTeclea aquí aBK cTESIS n0 c110031d110031 00104054718TESISaBCbBCd2017-08-04fTESISl0oTesisp113571-10r2019-12-31 00:00:00w2019-12-31yTESISzRecien adquirido 00102local4053708TESISaBCbBCcPA_TESISd2017-08-04fTESISl0oTesisp113571-20r2019-12-31 00:00:00tc.2w2019-12-31yTESIS